| 000 | 00728nam a2200217 a 4500 | ||
|---|---|---|---|
| 005 | 20210223130533.0 | ||
| 008 | 080624s1982 mx r 000 0 spa d | ||
| 035 | _aUPN01000157520 | ||
| 049 | _aUNE | ||
| 080 | _aOC 087.5 (083.86) (100)=20 "1982" IND. | ||
| 245 | 0 | 0 | _aIndex and reading guide to numbers N.S.1 to N.S.100. |
| 260 |
_aParÃs : _bUNESCO ; _aNew York : _bUNICEF ; _aRome : _bWFP, _c1982. |
||
| 300 | _a81 p. | ||
| 440 | 0 |
_aNotes Comments...(Child, Family, Community) ; _pNew Series |
|
| 690 | _aIndices - Publicaciones educacionales | ||
| 690 | _aPublicaciones educacionales - Indices | ||
| 710 | 2 |
_aUNICEF _924085 |
|
| 710 | 2 | _aUNESCO | |
| 710 | 2 |
_aWEP. _bPrograma de Alimentación Mundial |
|
| 905 | _aUNESCO | ||
| 999 |
_c129634 _d129634 |
||